| 000 | 00677nam a2200253 a 4500 | ||
|---|---|---|---|
| 001 | vtls001325532 | ||
| 003 | NLI | ||
| 005 | 20210627052259.0 | ||
| 008 | 120608s1925 enk 000 0 eng | ||
| 039 | 9 |
_y201206081842 _zVLOAD |
|
| 040 |
_aNLI _beng _cDatasoft_IMP_S _eAACR2 |
||
| 041 | 0 | _aeng | |
| 044 | _a enk | ||
| 084 | _a154 | ||
| 100 | 1 |
_aDavies, A. Morley _9766203 |
|
| 245 | 1 | 3 |
_aAn introduction to paleontology / _cby A. Morley Davies |
| 260 |
_aLondon : _bThomas Murby, _c1925 |
||
| 300 |
_axiii, 414 p. ; _c19 cm. |
||
| 650 | 0 |
_aPaleontology _9723642 |
|
| 887 | _a | ||
| 901 |
_aIMP92109 _b28.10.2010 |
||
| 902 | _a154 B 39 | ||
| 999 |
_aVIRTUA40 _c644591 _d644591 |
||
| 942 |
_2ddc _cBKS |
||